000 01158nam a2200301Ia 4500
003 OSt
005 20220930090220.0
006 a|||||r|||| 00| 0
007 ta
008 220926b |||||||| |||| 00| 0 eng d
024 _a109024
037 _cTheses
040 _aCRL
_cCRL
_beng
041 _2eng
_aeng
100 _aGuglany Vinay
_9542120
110 _aUniversity of Delhi. Faculty of Medical Sciences. Department of Radiodiagnosis
_9519344
245 0 _aProspective comparison of diagnostic accuracy of clinical examination, mammography, ultrasonography and M R imaging in pre-operative evaluation of patients of breast cancer
260 _c2008
300 _a88p.
_ap.
_ccm.
650 _aDIAGNOSIS
_9519345
700 _a Dr. Chintamani Gu.
_9536816
700 _a Dr. M. K. Mittal Gu.
700 _a Dr. Sunita Saxena Gu.
_9537455
700 _a Dr. Yatish Agarwal Gu.
_9532595
700 _aUniversity of Delhi. Faculty of Medical Sciences. Department of Radiodiagnosis
_9519347
942 _cDIS
_2CC
999 _c880226
_d880226